|
|
|
|
| LEADER |
01287nam a2200349 a 4500 |
| 001 |
c000352988 |
| 003 |
CARM |
| 005 |
19990729000000.0 |
| 008 |
750411s1974 enkj b 000 0 eng |
| 010 |
|
|
|a 75308565 //r98
|
| 015 |
|
|
|a GB74-22207
|
| 019 |
1 |
|
|a 262859
|z 26383714
|z 54819843
|5 LACONCORD2021
|
| 020 |
|
|
|a 0140707271 :
|c £0.50 ($2.25 U.S.)
|
| 035 |
|
|
|a (OCoLC)3091347
|5 LACONCORD2021
|
| 040 |
|
|
|a LC
|b eng
|c LC
|
| 050 |
0 |
0 |
|a PR2818.A2
|b S58 1974
|
| 082 |
0 |
0 |
|a 822.3/3
|
| 082 |
0 |
4 |
|a 822.3/3
|
| 100 |
1 |
|
|a Shakespeare, William,
|d 1564-1616.
|
| 245 |
1 |
0 |
|a King John /
|c William Shakespeare ; edited by R. L. Smallwood.
|
| 260 |
|
|
|a Harmondsworth :
|b Penguin,
|c 1974.
|
| 300 |
|
|
|a 377 p. :
|b geneal. table ;
|c 19 cm.
|
| 490 |
0 |
|
|a New Penguin Shakespeare
|
| 500 |
|
|
|a Text of the play: p. 55-[153]
|
| 504 |
|
|
|a Bibliography: p. 47-[51]
|
| 600 |
0 |
0 |
|a John,
|c King of England,
|d 1167?-1216
|x Drama.
|
| 651 |
|
0 |
|a Great Britain
|x Kings and rulers
|x Drama.
|
| 655 |
|
7 |
|a Historical drama.
|2 gsafd
|
| 700 |
1 |
|
|a Smallwood, R. L.
|q (Robert Leo)
|
| 852 |
8 |
|
|b CARM
|h A1:AL37A0
|i A05353
|p 0466112
|f BK
|
| 999 |
f |
f |
|i 52b98cbc-ecdc-57f1-a30c-3e80afb02b0a
|s 5be1965a-3452-5b55-9626-47741ca43078
|
| 952 |
f |
f |
|p Can circulate
|a CAVAL
|b CAVAL
|c CAVAL
|d CARM 1 Store
|e A05353
|f A1:AL37A0
|h Other scheme
|i book
|m 0466112
|